| 000 | 00436nam a2200145Ia 4500 | ||
|---|---|---|---|
| 008 | 231129s2014||||xx |||||||||||||| ||spa|| | ||
| 020 | _a978-958-58167-2-5 | ||
| 040 | _bspa | ||
| 082 | _a364.15861 C397 | ||
| 100 | _aCentro Nacional de Memoria Histórica | ||
| 245 | 0 | _aDesaparición forzada | |
| 260 | _c2014 | ||
| 264 | _aBogotá Colombia : Centro Nacional de Memoria Histórica | ||
| 942 |
_2ddc _cBKS |
||
| 999 |
_c9020 _d9020 |
||